000 00684nam a2200289Ia 4500
005 20260324114753.0
008 008 260324s9999 xx 000 0 eng d
020 _a9781003188940
037 _aEBOOK
040 _aCRL
040 _beng
040 _cCRL
041 _2eng
041 _aeng
084 _qCRL
100 _aDavid Collins
_91139598
245 0 _aTom Peters and Management
245 2 _bA History of Organizational Storytelling
260 _bTaylor and Francis
260 _c2021
365 _a
365 _b230
856 _uhttp://www.taylorfrancis.com/books/9781003188940
942 _cEBOOK
999 _c1742458
_d1742458